[Event "Quebec-ch qual. 2"]
[Site "Montreal CAN"]
[Date "1996.05.25"]
[Round "1"]
[White "Girard, Robin"]
[Black "Lacroix, Serge"]
[Result "1-0"]
[WhiteElo "2233"]
[BlackElo "1952"]
[Annotator "Incomplete"]
[PlyCount "48"]
[EventDate "1996.05.25"]
[EventType "swiss"]
[EventRounds "5"]
[EventCountry "CAN"]

1. e4 e5 2. Nf3 Nc6 3. Bb5 a6 4. Bxc6 dxc6 5. O-O Bg4 6. h3 Bxf3 7. Qxf3 Qf6 8.
Qg3 Bd6 9. d3 Qg6 10. Qxg6 hxg6 11. f4 Nf6 12. fxe5 Bxe5 13. c3 c5 14. Nd2 O-O
15. Nc4 Rfe8 16. Be3 Nd7 17. d4 cxd4 18. cxd4 Bd6 19. e5 Bf8 20. Bf4 b5 21. Na5
c5 22. Rac1 cxd4 23. Nc6 Rac8 24. Nxd4 Nb6 {etc.} 1-0

[Event "Quebec-ch qual. 2"]
[Site "Montreal CAN"]
[Date "1996.05.26"]
[Round "2"]
[White "Lacroix, Serge"]
[Black "Mathews, Theo"]
[Result "1-0"]
[WhiteElo "1952"]
[BlackElo "1551"]
[PlyCount "119"]
[EventDate "1996.05.25"]
[EventType "swiss"]
[EventRounds "5"]
[EventCountry "CAN"]

1. e4 e6 2. d4 d5 3. Nc3 Nc6 4. Nf3 Nf6 5. Bg5 dxe4 6. Nxe4 Be7 7. Nxf6+ Bxf6
8. Bxf6 Qxf6 9. Bb5 Bd7 10. O-O O-O 11. Bxc6 Bxc6 12. Ne5 Rfd8 13. Re1 Rd6 14.
Re3 Rad8 15. c3 g6 16. Qe2 b6 17. Qa6 Qg5 18. Nxc6 Rxc6 19. Qxa7 Qe7 20. Rae1
Rcd6 21. Qa3 R8d7 22. Qb4 Qf6 23. Qc4 Rd5 24. Qc6 Qe7 25. Re5 R5d6 26. Qf3 Qf8
27. b4 Qg7 28. h4 Qh6 29. h5 Rd5 30. hxg6 hxg6 31. g3 Rxe5 32. Rxe5 Qc1+ 33.
Kg2 Qa3 34. Qc6 Re7 35. Qc4 Qa8+ 36. f3 Rd7 37. g4 c6 38. Re1 b5 39. Qb3 Ra7
40. Re2 Ra3 41. Qb2 Kf8 42. Qd2 Ke7 43. Qb2 Kf6 44. Kf2 Qa7 45. Kf1 Qa4 46. Ke1
Kg7 47. Qd2 Qa8 48. Rh2 Kf6 49. Qf4+ Ke7 50. Qc7+ Kf6 51. g5+ Kxg5 52. Qe5+ f5
53. f4+ Kg4 54. Qxe6 Kxf4 55. Rf2+ Kg5 56. Qe7+ Kg4 57. Qe2+ Kg5 58. Rg2+ Kh6
59. Qe3+ Kg7 60. Qe7+ 1-0

[Event "Quebec-ch qual. 2"]
[Site "Montreal CAN"]
[Date "1996.05.26"]
[Round "3"]
[White "Dugas, Hugues"]
[Black "Lacroix, Serge"]
[Result "0-1"]
[WhiteElo "1426"]
[BlackElo "1952"]
[Annotator "Desktop,Administrative"]
[PlyCount "70"]
[EventDate "1996.05.25"]
[EventType "swiss"]
[EventRounds "5"]
[EventCountry "CAN"]

1. c4 Nf6 2. Nf3 e6 3. g3 Nc6 4. Bg2 d5 5. cxd5 exd5 6. O-O Bc5 7. d4 Bd6 8.
Nc3 h6 9. Bd2 Be6 10. Rc1 a6 11. a3 Qd7 12. b4 O-O 13. e3 Bh3 14. Qb3 Bxg2 15.
Kxg2 Qe6 16. Na4 Ne4 17. Be1 g5 18. Nd2 Nf6 19. Nc5 Bxc5 20. bxc5 Rab8 21. f3
Rfe8 22. Bf2 h5 23. Rce1 g4 24. Bg1 b6 25. cxb6 Rxb6 26. Qc2 Reb8 27. Rb1 Kg7
28. Rxb6 Rxb6 29. fxg4 Nxg4 30. Qd3 Ne7 31. h3 Nf6 32. Rf4 Ng6 33. Rf5 Rb2 34.
Rf2 Rb6 35. Rf5 Qd6 {etc.} 0-1

[Event "Quebec-ch qual. 2"]
[Site "Montreal CAN"]
[Date "1996.05.27"]
[Round "4"]
[White "Lacroix, Serge"]
[Black "Leclerc, Jacques"]
[Result "1-0"]
[WhiteElo "1952"]
[BlackElo "1668"]
[PlyCount "79"]
[EventDate "1996.05.25"]
[EventType "swiss"]
[EventRounds "5"]
[EventCountry "CAN"]

1. e4 e5 2. Nf3 Nc6 3. Bb5 a6 4. Ba4 Nf6 5. O-O b5 6. Bb3 Be7 7. Re1 d6 8. c3
Bg4 9. d3 O-O 10. Nbd2 Na5 11. Bc2 c5 12. h3 Bd7 13. Nf1 Re8 14. Ng3 Nc6 15.
Be3 Bf8 16. a4 g6 17. d4 Qc7 18. d5 Ne7 19. Nh2 Bg7 20. Qd2 Kh8 21. f4 Bh6 22.
fxe5 Bxe3+ 23. Rxe3 Nfg8 24. Rf1 Rf8 25. Ref3 Be8 26. e6 f5 27. exf5 gxf5 28.
Nxf5 Nxf5 29. Rxf5 Rxf5 30. Rxf5 Ne7 31. Qh6 Bg6 32. Rf8+ Rxf8 33. Qxf8+ Ng8
34. Bxg6 hxg6 35. Ng4 Qe7 36. Qf7 Qg5 37. axb5 axb5 38. Kh2 Ne7 39. Qf8+ Ng8
40. Qxd6 1-0

[Event "Quebec-ch qual. 2"]
[Site "Montreal CAN"]
[Date "1996.05.27"]
[Round "5"]
[White "Lacroix, Serge"]
[Black "Moisan-Plante, Marc-Olivier"]
[Result "0-1"]
[WhiteElo "1952"]
[BlackElo "2122"]
[PlyCount "58"]
[EventDate "1996.05.25"]
[EventType "swiss"]
[EventRounds "5"]
[EventCountry "CAN"]

1. e4 e5 2. Nf3 d6 3. Nc3 Nf6 4. d4 exd4 5. Nxd4 Be7 6. Bc4 O-O 7. O-O c5 8.
Nf3 Nc6 9. h3 a6 10. a4 Be6 11. Qe2 d5 12. Nxd5 Nxd5 13. Rd1 Nc3 14. bxc3 Bxc4
15. Qe1 Qc7 16. g3 Ne5 17. Nxe5 Qxe5 18. Bf4 Qe6 19. Rab1 b5 20. axb5 axb5 21.
h4 Rad8 22. Bc7 Rd7 23. Rxd7 Qxd7 24. Bf4 Rd8 25. Ra1 Qg4 26. Bc7 Rd7 27. Bf4
h6 28. Kh2 Rb7 29. Ra8+ Kh7 0-1

[Event "Granby op"]
[Site "Granby CAN"]
[Date "1996.04.27"]
[Round "2"]
[White "Girard, Robin"]
[Black "Lacroix, Serge"]
[Result "1-0"]
[WhiteElo "2248"]
[BlackElo "1957"]
[Annotator "Incomplete"]
[PlyCount "86"]
[EventDate "1996.04.26"]
[EventType "swiss"]
[EventRounds "5"]
[EventCountry "CAN"]

1. e4 e5 2. Nf3 Nc6 3. Bb5 a6 4. Ba4 Nf6 5. O-O Be7 6. Re1 b5 7. Bb3 O-O 8. a4
b4 9. a5 d6 10. c3 bxc3 11. dxc3 Be6 12. Bxe6 fxe6 13. Nbd2 Qd7 14. Nc4 h6 15.
b4 Rf7 16. Ra2 Na7 17. Qd3 Qc6 18. Na3 Rb8 19. Bd2 g5 20. h3 g4 21. Nh2 h5 22.
hxg4 hxg4 23. Nc4 Rg7 24. Nf1 Kf7 25. Ng3 Rh8 26. Ne3 Nb5 27. Qc4 Qxc4 28. Nxc4
Nh5 29. Nxh5 Rxh5 30. g3 Rgh7 31. Kf1 Rh1+ 32. Ke2 Rxe1+ 33. Bxe1 Bg5 34. Bd2
Rh1 35. Rc2 Kf6 36. Bxg5+ Kxg5 37. Ne3 Na3 38. Ra2 Nb5 39. Kd3 Rc1 40. c4 Na7
41. Rb2 Ra1 42. Nc2 Rd1+ 43. Ke2 Rc1 {etc.} 1-0

[Event "Granby op"]
[Site "Granby CAN"]
[Date "1996.04.28"]
[Round "5"]
[White "Grondin, Jean-Philippe"]
[Black "Lacroix, Serge"]
[Result "0-1"]
[WhiteElo "2145"]
[BlackElo "1957"]
[PlyCount "79"]
[EventDate "1996.04.26"]
[EventType "swiss"]
[EventRounds "5"]
[EventCountry "CAN"]

1. e4 e5 2. f4 exf4 3. Nf3 Be7 4. Bc4 Nf6 5. Nc3 Nxe4 6. Nxe4 d5 7. Bb5+ c6 8.
Bd3 dxe4 9. Bxe4 Nd7 10. d4 Nf6 11. Qd3 Nxe4 12. Qxe4 Qa5+ 13. Bd2 Qf5 14. Qxf5
Bxf5 15. O-O-O O-O 16. Bxf4 Rfe8 17. Rhe1 f6 18. Re2 Bf8 19. Rde1 Rxe2 20. Rxe2
Kf7 21. Nd2 g5 22. Bg3 Re8 23. Rxe8 Kxe8 24. Nc4 Be4 25. Ne3 f5 26. Be5 f4 27.
Ng4 Bxg2 28. Kd2 Kf7 29. h4 h6 30. hxg5 hxg5 31. c3 Ke6 32. Ke2 Be7 33. Kf2 Bd5
34. b3 b5 35. Nh2 Kf5 36. Nf1 g4 37. Bb8 a6 38. Bc7 g3+ 39. Nxg3+ fxg3+ 40.
Kxg3 0-1

[Event "Laval XIII"]
[Site "Laval CAN"]
[Date "1996.04.20"]
[Round "2"]
[White "Pohl, Klaus"]
[Black "Lacroix, Serge"]
[Result "1-0"]
[WhiteElo "2143"]
[BlackElo "1960"]
[Annotator "Incomplete"]
[PlyCount "44"]
[EventDate "1996.04.19"]
[EventType "swiss"]
[EventRounds "5"]
[EventCountry "CAN"]

1. e4 e5 2. Nf3 Nc6 3. Bb5 a6 4. Ba4 Nf6 5. O-O Be7 6. Bxc6 dxc6 7. Re1 Bg4 8.
h3 Bh5 9. g4 Bg6 10. Nxe5 Qd4 11. Nf3 Qb6 12. d3 O-O-O 13. Be3 Bc5 14. Bxc5
Qxc5 15. Nc3 h5 16. g5 Nh7 17. Qd2 f6 18. Nh2 Nxg5 19. Qe3 Qxe3 20. Rxe3 Bf7
21. f4 Ne6 22. Ne2 g5 {etc.} 1-0

[Event "Laval XIII"]
[Site "Laval CAN"]
[Date "1996.04.20"]
[Round "3"]
[White "Lacroix, Serge"]
[Black "Caceres Cortes, Julio"]
[Result "1-0"]
[WhiteElo "1960"]
[BlackElo "1975"]
[PlyCount "53"]
[EventDate "1996.04.19"]
[EventType "swiss"]
[EventRounds "5"]
[EventCountry "CAN"]

1. e4 e5 2. Nf3 Nc6 3. Bb5 a6 4. Ba4 Nf6 5. O-O Be7 6. Re1 b5 7. Bb3 O-O 8. c3
d5 9. exd5 e4 10. dxc6 exf3 11. g3 Re8 12. d4 Bg4 13. Bg5 Nd5 14. Bxe7 Nxe7 15.
Nd2 Nxc6 16. Rxe8+ Qxe8 17. Bd5 Rc8 18. Bxf3 Bxf3 19. Nxf3 Qe4 20. Nd2 Qd3 21.
Nf1 Qe4 22. Nd2 Qd5 23. Nb3 Qc4 24. Qf1 Qd5 25. Qg2 Qc4 26. Nc5 Ne5 27. Nb7 {
etc.} 1-0

[Event "Laval XIII"]
[Site "Laval CAN"]
[Date "1995.04.21"]
[Round "5"]
[White "Saint Amand, Paul"]
[Black "Lacroix, Serge"]
[Result "1-0"]
[WhiteElo "2022"]
[BlackElo "1960"]
[PlyCount "55"]
[EventDate "1996.04.19"]
[EventType "swiss"]
[EventRounds "5"]
[EventCountry "CAN"]

1. e4 e5 2. Nf3 Nc6 3. Bb5 a6 4. Ba4 Nf6 5. O-O Be7 6. Re1 b5 7. Bb3 d6 8. c3
O-O 9. h3 Nd7 10. d4 Nb6 11. Nbd2 exd4 12. cxd4 d5 13. exd5 Nxd5 14. Ne4 Bf5
15. a3 Qd7 16. Nc5 Bxc5 17. dxc5 Rad8 18. Bg5 f6 19. Bf4 Rf7 20. Bd6 cxd6 21.
Bxd5 Ne7 22. Bxf7+ Kxf7 23. cxd6 Qxd6 24. Qxd6 Rxd6 25. Rad1 Rb6 26. Rc1 Rb7
27. Nd4 Bd3 28. Nb3 1-0

[Event "Quebec-ch qual. 1"]
[Site "Montreal CAN"]
[Date "1996.04.12"]
[Round "1"]
[White "Mercier, Jean-Guy"]
[Black "Lacroix, Serge"]
[Result "0-1"]
[WhiteElo "1543"]
[BlackElo "1984"]
[PlyCount "134"]
[EventDate "1996.04.12"]
[EventType "swiss"]
[EventRounds "5"]
[EventCountry "CAN"]

1. d4 Nf6 2. c4 e6 3. Nc3 Bb4 4. e3 b6 5. a3 Bxc3+ 6. bxc3 O-O 7. Bd3 Bb7 8. f3
d6 9. Ne2 c5 10. O-O Nc6 11. e4 e5 12. d5 Na5 13. Bg5 h6 14. Bxf6 Qxf6 15. f4
Ba6 16. fxe5 Qxe5 17. Rf5 Qe7 18. Ng3 Bxc4 19. Bc2 Ba6 20. Bd3 Bc8 21. Rh5 Qf6
22. Rc1 Qf4 23. Nf5 Bxf5 24. Rxf5 Qe3+ 25. Kh1 c4 26. Bb1 Rae8 27. Rf3 Qc5 28.
Qe2 Re5 29. a4 Rfe8 30. Rcf1 f6 31. Qd1 Qc7 32. Rf4 Qf7 33. Qf3 Nb3 34. Qf2 Nc5
35. Qf3 Nxa4 36. Qg3 Rg5 37. Qh4 Qh5 38. Qxh5 Rxh5 39. g4 Rh3 40. R1f3 Rxf3 41.
Rxf3 Nc5 42. Re3 a5 43. Kg2 a4 44. Kf3 Ra8 45. Re2 a3 46. Ra2 Ra5 47. Ke3 Rb5
48. Bc2 Ra5 49. Kd2 g5 50. Kc1 Kg7 51. Kb1 h5 52. h3 hxg4 53. hxg4 Ra8 54. Ra1
Nb3 55. Ra2 Kf7 56. Bd1 Nc5 57. Be2 b5 58. Ra1 Nb3 59. Ra2 Ke7 60. Bd1 Nc5 61.
Re2 Kd7 62. Ka2 Nd3 63. Rc2 b4 64. cxb4 Nxb4+ 65. Kb1 Nxc2 66. Bxc2 Kc7 67. Ka2
Kb6 0-1

[Event "Quebec-ch qual. 1"]
[Site "Montreal CAN"]
[Date "1996.04.13"]
[Round "3"]
[White "Lacroix, Serge"]
[Black "Paradis, Francine"]
[Result "1-0"]
[WhiteElo "1984"]
[BlackElo "1357"]
[PlyCount "57"]
[EventDate "1996.04.12"]
[EventType "swiss"]
[EventRounds "5"]
[EventCountry "CAN"]

1. e4 c5 2. Nf3 d6 3. d4 cxd4 4. Nxd4 Nf6 5. Nc3 a6 6. Bg5 e6 7. f4 Be7 8. Qf3
e5 9. Nb3 Nc6 10. Bxf6 Bxf6 11. f5 Bg5 12. Nd5 Nd4 13. Qc3 Nxb3 14. axb3 O-O
15. g3 Bd7 16. h4 Rc8 17. Qd3 Be7 18. Bh3 Bxh4 19. gxh4 Qxh4+ 20. Ke2 Rxc2+ 21.
Qxc2 Bb5+ 22. Kf3 Bc6 23. Bg4 Qg5 24. Rh5 Qd8 25. Rd1 g6 26. Rxh7 Kxh7 27. Rh1+
Kg7 28. f6+ Kg8 29. Qh2 1-0

[Event "Quebec-ch qual. 1"]
[Site "Montreal CAN"]
[Date "1996.04.14"]
[Round "4"]
[White "Apostolov, Penka"]
[Black "Lacroix, Serge"]
[Result "1-0"]
[WhiteElo "1808"]
[BlackElo "1984"]
[PlyCount "38"]
[EventDate "1996.04.12"]
[EventType "swiss"]
[EventRounds "5"]
[EventCountry "CAN"]

1. d4 Nf6 2. Nf3 e6 3. c4 Bb4+ 4. Nbd2 b6 5. a3 Bxd2+ 6. Bxd2 Bb7 7. g3 Bxf3 8.
exf3 Nc6 9. Be3 d5 10. Qa4 Qd7 11. cxd5 Ne7 12. Bb5 c6 13. dxc6 Qd5 14. c7+ Kf8
15. Ke2 a5 16. Rac1 Qb7 17. Bf4 Rc8 18. Qc4 Ra8 19. Be3 Qc8 1-0

[Event "Ours polaires"]
[Site "Montreal CAN"]
[Date "1996.03.??"]
[Round "5"]
[White "Bergeron, Marc"]
[Black "Lacroix, Serge"]
[Result "0-1"]
[WhiteElo "1975"]
[BlackElo "1969"]
[PlyCount "48"]
[EventDate "1996.04.04"]
[EventType "tourn"]
[EventRounds "7"]
[EventCountry "CAN"]

1. c4 e5 2. g3 Nf6 3. Bg2 Nc6 4. Nc3 Bb4 5. Nd5 Bc5 6. e3 O-O 7. Ne2 d6 8. O-O
Bg4 9. f3 Bh5 10. d4 Bb6 11. a3 Nxd5 12. cxd5 Ne7 13. g4 Bg6 14. f4 exf4 15.
Nxf4 Qd7 16. a4 a5 17. Kh1 c6 18. e4 cxd5 19. exd5 Rac8 20. Rf2 Rc4 21. Be3
Rfc8 22. Qf3 Bxd4 23. Bxd4 Rxd4 24. Qe3 Rdc4 {etc.} 0-1

[Event "Mauricie op U2000"]
[Site "Trois-Rivieres CAN"]
[Date "1996.03.16"]
[Round "2"]
[White "Lacroix, Serge"]
[Black "Mahabir, Hugh"]
[Result "1-0"]
[WhiteElo "1907"]
[BlackElo "1812"]
[PlyCount "56"]
[EventDate "1996.03.15"]
[EventType "swiss"]
[EventRounds "5"]
[EventCountry "CAN"]

1. e4 d5 2. exd5 Nf6 3. d4 Nxd5 4. Nf3 g6 5. c4 Nb6 6. Nc3 c6 7. Be3 Bg7 8. Qd2
Be6 9. b3 O-O 10. h3 a5 11. Be2 Bc8 12. O-O Re8 13. Rad1 N8d7 14. Rfe1 Nf6 15.
g4 h5 16. Ne5 hxg4 17. hxg4 Nbd7 18. Nf3 Nb6 19. Nh2 Be6 20. Bh6 Qd7 21. f3 a4
22. Be3 axb3 23. axb3 Red8 24. d5 Nbxd5 25. cxd5 Nxd5 26. Nxd5 Bxd5 27. Bb6 Re8
28. Bc4 Be6 1-0

[Event "Mauricie op U2000"]
[Site "Trois-Rivieres CAN"]
[Date "1996.03.17"]
[Round "4"]
[White "Courtemanche, Marc"]
[Black "Lacroix, Serge"]
[Result "0-1"]
[WhiteElo "1815"]
[BlackElo "1907"]
[PlyCount "56"]
[EventDate "1996.03.15"]
[EventType "swiss"]
[EventRounds "5"]
[EventCountry "CAN"]

1. e4 e5 2. Nf3 Nc6 3. Bb5 a6 4. Ba4 Nf6 5. O-O Be7 6. c3 Nxe4 7. Re1 Nc5 8.
Bxc6 dxc6 9. Nxe5 Nd3 10. Nxd3 Qxd3 11. Re3 Qd5 12. Qe2 Be6 13. b3 O-O-O 14. d4
c5 15. Re5 Qc6 16. Ba3 Bd6 17. Rxc5 Bxc5 18. Bxc5 Rhe8 19. Qf1 b6 20. Bb4 a5
21. Ba3 Rd5 22. Bb2 Bh3 23. f4 Rg5 24. fxg5 Re1 25. gxh3 Rxf1+ 26. Kxf1 Qh1+
27. Ke2 Qxh2+ 28. Kd3 Qxb2 0-1

[Event "Mauricie op U2000"]
[Site "Trois-Rivieres CAN"]
[Date "1996.03.17"]
[Round "5"]
[White "Lacroix, Serge"]
[Black "Filion, Charles"]
[Result "1/2-1/2"]
[WhiteElo "1907"]
[BlackElo "2072"]
[PlyCount "89"]
[EventDate "1996.03.15"]
[EventType "swiss"]
[EventRounds "5"]
[EventCountry "CAN"]

1. e4 c5 2. Nf3 Nc6 3. d4 cxd4 4. Nxd4 g6 5. Nc3 Bg7 6. Be3 Nf6 7. Qd2 O-O 8.
f3 d5 9. exd5 Nxd5 10. Nxd5 Qxd5 11. Nxc6 bxc6 12. c3 Qxd2+ 13. Bxd2 Rb8 14.
O-O-O Be6 15. Bf4 Rb7 16. a3 Bb3 17. Rd2 e5 18. Be3 Bf6 19. Ba6 Rc7 20. h4 Rd8
21. h5 Rxd2 22. Bxd2 Rd7 23. hxg6 hxg6 24. Be2 Bd8 25. Bd1 Bxd1 26. Rxd1 Bb6
27. Re1 f6 28. Re4 Kf7 29. Kc2 Ke6 30. Rh4 f5 31. a4 Bd8 32. Rh8 e4 33. Re8+
Kf7 34. Rh8 Kg7 35. Re8 Kf7 36. Re5 exf3 37. gxf3 Kf6 38. Rc5 Rd6 39. f4 Re6
40. a5 Bc7 41. b4 Ke7 42. Kd3 Kd7 43. Rc4 Re7 44. Be3 a6 45. Bd2 1/2-1/2

[Event "Carnaval"]
[Site "Quebec CAN"]
[Date "1996.02.16"]
[Round "1"]
[White "Pineault, Denis"]
[Black "Lacroix, Serge"]
[Result "0-1"]
[WhiteElo "2267"]
[BlackElo "1906"]
[Annotator "Incomplete"]
[PlyCount "54"]
[EventDate "1996.02.16"]
[EventType "swiss"]
[EventRounds "5"]
[EventCountry "CAN"]

1. e4 e5 2. Nf3 Nc6 3. Bb5 a6 4. Ba4 Nf6 5. O-O Be7 6. d4 Nxe4 7. Re1 d5 8.
Nxe5 Bd7 9. Nxc6 bxc6 10. Qe2 Kf8 11. Nd2 Nxd2 12. Bxd2 Bd6 13. Qh5 Qf6 14. c3
Qg6 15. Qh4 f6 16. c4 dxc4 17. d5 Qg4 18. Qxg4 Bxg4 19. Bxc6 Rb8 20. Bc3 Bf5
21. Bd4 h5 22. Rac1 Bd3 23. h4 Kf7 24. a3 Rh6 25. g3 g5 26. hxg5 fxg5 27. Re3
g4 {etc.} 0-1

[Event "Carnaval"]
[Site "Quebec CAN"]
[Date "1996.02.17"]
[Round "2"]
[White "Landry, Sylvain"]
[Black "Lacroix, Serge"]
[Result "0-1"]
[WhiteElo "2049"]
[BlackElo "1906"]
[PlyCount "58"]
[EventDate "1996.02.16"]
[EventType "swiss"]
[EventRounds "5"]
[EventCountry "CAN"]

1. e4 e5 2. Nf3 Nc6 3. Bc4 Nf6 4. d3 Bc5 5. O-O d6 6. c3 O-O 7. Bb3 Qe7 8. Nbd2
Nd8 9. Nc4 c6 10. d4 exd4 11. cxd4 Bb4 12. e5 dxe5 13. dxe5 Ne4 14. Ne3 Be6 15.
Bc2 f5 16. exf6 Nxf6 17. Nd4 Nf7 18. Nxe6 Qxe6 19. Qd4 Bd6 20. Qh4 Rae8 21. g4
Ne5 22. f3 Bc5 23. g5 Ng6 24. Bxg6 hxg6 25. gxf6 Bxe3+ 26. Bxe3 Qxe3+ 27. Kg2
Rxf6 28. Qc4+ Qe6 29. Qxe6+ Rfxe6 0-1

[Event "Carnaval"]
[Site "Quebec CAN"]
[Date "1996.02.18"]
[Round "4"]
[White "Lacroix, Serge"]
[Black "Michaud, Jacques"]
[Result "1-0"]
[WhiteElo "1906"]
[BlackElo "1499"]
[PlyCount "84"]
[EventDate "1996.02.16"]
[EventType "swiss"]
[EventRounds "5"]
[EventCountry "CAN"]

1. e4 c5 2. Nf3 d6 3. d4 cxd4 4. Nxd4 Nf6 5. Nc3 a6 6. Bg5 e6 7. f4 Bd7 8. Qf3
Nc6 9. O-O-O Qc7 10. g4 Rc8 11. f5 Ne5 12. Qg3 Nxe4 13. Qe3 Nxc3 14. bxc3 Nxg4
15. Qg3 Ne5 16. fxe6 fxe6 17. Bh3 Qxc3 18. Qxc3 Rxc3 19. Bxe6 Be7 20. Bxd7+
Kxd7 21. Bxe7 Kxe7 22. Nf5+ Kf6 23. Nxd6 Rc7 24. Rhf1+ Ke6 25. Nf5 Rd7 26. Nd4+
Ke7 27. Rfe1 Kf6 28. Re2 Rxd4 29. Rxd4 Nc6 30. Rd6+ Kf5 31. Rf2+ Ke5 32. Rd7
Rd8 33. Re2+ Kf4 34. Rf7+ Kg5 35. Rxg7+ Kh6 36. Rxb7 Nb8 37. Re6+ Kg5 38. Rxh7
Rf8 39. Rb7 Rf1+ 40. Kb2 Rf8 41. Reb6 Rh8 42. Rxb8 Rxh2 1-0

[Event "Carnaval"]
[Site "Quebec CAN"]
[Date "1996.02.19"]
[Round "5"]
[White "Desjardins, Andre"]
[Black "Lacroix, Serge"]
[Result "1-0"]
[WhiteElo "2035"]
[BlackElo "1906"]
[Annotator "Incomplete"]
[PlyCount "49"]
[EventDate "1996.02.16"]
[EventType "swiss"]
[EventRounds "5"]
[EventCountry "CAN"]

1. e4 e5 2. Nf3 Nc6 3. Bb5 a6 4. Ba4 Nf6 5. O-O Be7 6. Re1 b5 7. Bb3 d6 8. c3
O-O 9. d3 Na5 10. Bc2 c5 11. Nbd2 Nc6 12. Nf1 Nd7 13. Ng3 Nb6 14. Nf5 Bf6 15.
h3 d5 16. Qe2 d4 17. g4 g6 18. Ng3 Qe7 19. cxd4 Nxd4 20. Nxd4 exd4 21. Bd2 Be6
22. a3 a5 23. Rec1 Bg5 24. Bd1 Bxd2 25. Qxd2 {etc.} 1-0

[Event "Specialiste"]
[Site "Montreal CAN"]
[Date "1996.02.08"]
[Round "2"]
[White "Lacroix, Serge"]
[Black "Balogh, Alex"]
[Result "0-1"]
[WhiteElo "2000"]
[BlackElo "2000"]
[PlyCount "95"]
[EventDate "1996.02.07"]
[EventType "swiss"]
[EventRounds "5"]
[EventCountry "CAN"]

1. e4 c5 2. Nf3 Nc6 3. d4 cxd4 4. Nxd4 Nf6 5. Nc3 d6 6. Bg5 e6 7. Qd2 a6 8.
O-O-O h6 9. Bf4 Bd7 10. Nb3 Ne5 11. f3 Qc7 12. Kb1 b5 13. Bxe5 dxe5 14. g4 b4
15. Ne2 a5 16. h4 a4 17. Nbc1 Bc6 18. Ng3 Be7 19. Bd3 Nd7 20. Nce2 Rb8 21. Nc1
Qb6 22. Qe2 Bc5 23. g5 Be3 24. Nh5 g6 25. Nf6+ Nxf6 26. gxf6 Bd4 27. Bc4 Qc5
28. b3 axb3 29. cxb3 Ra8 30. Nd3 Qb6 31. Qg2 Bb5 32. Qc2 Bc3 33. Nb2 O-O 34.
Bxb5 Qxb5 35. Nc4 Ra6 36. a4 Rxa4 37. bxa4 Qxc4 38. Qa2 b3 39. Qa3 Bb4 40. Qb2
Bc3 41. Qc1 Qxa4 42. Qxc3 Qa2+ 43. Kc1 b2+ 44. Kd2 b1=N+ 45. Kd3 Nxc3 46. Kxc3
Rc8+ 47. Kd3 Qc2+ 48. Ke3 0-1

[Event "Les Ours Polaires"]
[Site "Montreal CAN"]
[Date "1996.02.01"]
[Round "1"]
[White "Fillion, Robert"]
[Black "Lacroix, Serge"]
[Result "0-1"]
[WhiteElo "1758"]
[BlackElo "1969"]
[PlyCount "70"]
[EventDate "1996.02.01"]
[EventType "tourn"]
[EventRounds "7"]
[EventCountry "CAN"]

1. c4 e5 2. Nc3 Nf6 3. Nf3 Nc6 4. g3 Bb4 5. Nd5 Bc5 6. Bg2 O-O 7. d3 h6 8. O-O
d6 9. a3 a5 10. Rb1 Nxd5 11. cxd5 Nd4 12. b4 Nxf3+ 13. Bxf3 axb4 14. axb4 Bb6
15. Qc2 Bh3 16. Bg2 Qd7 17. Bd2 Bxg2 18. Kxg2 Qg4 19. e4 f5 20. f3 Qg6 21. f4
Qg4 22. Bc3 fxe4 23. fxe5 Rxf1 24. Rxf1 exd3 25. Qxd3 Ra2+ 26. Kh1 Qh5 27. h4
dxe5 28. d6 Qg4 29. Qf5 Qxf5 30. Rxf5 cxd6 31. Bxe5 dxe5 32. Rxe5 Bf2 33. Rb5
b6 34. Kg2 Bc5+ 35. Kf3 Rb2 0-1

[Event "Specialiste ch"]
[Site "Montreal CAN"]
[Date "1996.01.20"]
[Round "2"]
[White "Saint-Pierre, Benoit"]
[Black "Lacroix, Serge"]
[Result "1-0"]
[WhiteElo "2241"]
[BlackElo "1914"]
[PlyCount "65"]
[EventDate "1996.01.19"]
[EventType "swiss"]
[EventRounds "5"]
[EventCountry "CAN"]

1. e4 e5 2. Nf3 Nc6 3. Bc4 Nf6 4. d3 Bc5 5. O-O d6 6. c3 a6 7. Bb3 O-O 8. Re1
Qe7 9. h3 h6 10. Nbd2 Re8 11. Nf1 Nd8 12. Ng3 c6 13. d4 Ba7 14. Be3 Qf8 15. Bc2
c5 16. d5 b5 17. b4 cxb4 18. cxb4 Nd7 19. a4 Bxe3 20. Rxe3 Nb6 21. axb5 axb5
22. Rxa8 Nxa8 23. Bd3 Nc7 24. Qc1 Qe7 25. Re2 Ba6 26. Rc2 Na8 27. Nf5 Qd7 28.
Qa1 Nc7 29. Qa5 Nxd5 30. Qxa6 Nxb4 31. Qxb5 Qxb5 32. Bxb5 Nxc2 33. Bxe8 1-0

[Event "Specialiste ch"]
[Site "Montreal CAN"]
[Date "1996.01.19"]
[Round "4"]
[White "Lacroix, Serge"]
[Black "Firouz, Fariborz"]
[Result "1-0"]
[WhiteElo "1914"]
[BlackElo "1185"]
[PlyCount "97"]
[EventDate "1996.01.19"]
[EventType "swiss"]
[EventRounds "5"]
[EventCountry "CAN"]

1. e4 c5 2. Nf3 d6 3. d4 cxd4 4. Nxd4 Nf6 5. Nc3 g6 6. Be3 Bg7 7. f3 O-O 8. Qd2
Nc6 9. O-O-O Bd7 10. Bc4 Ne5 11. Bb3 Rc8 12. h4 h5 13. Bh6 Nc4 14. Bxc4 Rxc4
15. Bxg7 Kxg7 16. g4 hxg4 17. h5 Rh8 18. hxg6 fxg6 19. f4 e5 20. fxe5 dxe5 21.
Ne6+ Bxe6 22. Qxd8 Rxd8 23. Rxd8 g3 24. Rg1 Nh5 25. Ne2 Rxe4 26. Nxg3 Nxg3 27.
Rxg3 Bg4 28. Rb8 Re1+ 29. Kd2 Rd1+ 30. Kc3 Bf5 31. Rxb7+ Kf6 32. Rxa7 Rd6 33.
Rc7 e4 34. Rc5 g5 35. b4 g4 36. b5 Kg5 37. Rg1 e3 38. Rf1 g3 39. Rfxf5+ Kg4 40.
Rg5+ Kf3 41. Rcf5+ Kg2 42. Re5 Kf3 43. Rxg3+ Kxg3 44. Rxe3+ Kf4 45. Rd3 Rf6 46.
a4 Kg5 47. a5 Rf8 48. b6 Rc8+ 49. Kb4 1-0

[Event "Specialiste ch"]
[Site "Montreal CAN"]
[Date "1996.01.21"]
[Round "5"]
[White "Pnevmonidis, Pantelis"]
[Black "Lacroix, Serge"]
[Result "1-0"]
[WhiteElo "2086"]
[BlackElo "1914"]
[PlyCount "100"]
[EventDate "1996.01.19"]
[EventType "swiss"]
[EventRounds "5"]
[EventCountry "CAN"]

1. d4 Nf6 2. c4 e6 3. g3 Bb4+ 4. Bd2 Qe7 5. Bg2 O-O 6. Nf3 Bxd2+ 7. Qxd2 d6 8.
Nc3 e5 9. d5 Nbd7 10. O-O a5 11. Qc2 Nc5 12. Nd2 Bg4 13. e4 Bd7 14. Rae1 Nh5
15. b3 f5 16. f3 fxe4 17. Ndxe4 Nxe4 18. Nxe4 Nf6 19. Nxf6+ Rxf6 20. f4 Raf8
21. Qc3 b6 22. fxe5 Rxf1+ 23. Bxf1 dxe5 24. Qxe5 Qf7 25. Qe3 Qf6 26. Bg2 Re8
27. Qf2 Rxe1+ 28. Qxe1 Qd4+ 29. Kh1 a4 30. h4 axb3 31. axb3 Qf6 32. Qe3 g6 33.
Kh2 h6 34. b4 g5 35. hxg5 hxg5 36. c5 bxc5 37. bxc5 g4 38. Qf4 Kg7 39. Kg1 Qxf4
40. gxf4 Kh6 41. Kf2 Kg6 42. Be4+ Kf6 43. Kg3 Bc8 44. Bd3 Bb7 45. c6 Bc8 46.
Be2 Ke7 47. Bxg4 Ba6 48. Kh4 Bd3 49. Kg5 Bh7 50. Bf5 Bg8 1-0

[Event "Bonne annee"]
[Site "Charny CAN"]
[Date "1996.01.05"]
[Round "1"]
[White "Turcot, Jean"]
[Black "Lacroix, Serge"]
[Result "1-0"]
[WhiteElo "1903"]
[BlackElo "1591"]
[PlyCount "65"]
[EventDate "1996.01.05"]
[EventType "swiss"]
[EventRounds "5"]
[EventCountry "CAN"]

1. e4 e5 2. Nf3 Nc6 3. Bb5 a6 4. Ba4 Nf6 5. O-O Be7 6. Re1 b5 7. Bb3 O-O 8. c3
d5 9. exd5 Nxd5 10. Nxe5 Nxe5 11. Rxe5 c6 12. d4 Bd6 13. Re1 Qh4 14. g3 Qh3 15.
Be3 Bg4 16. Qd3 Rae8 17. Nd2 Re6 18. Qf1 Qh5 19. a4 f5 20. f4 bxa4 21. Rxa4
Rfe8 22. Nc4 Bxf4 23. gxf4 Bh3 24. Qf2 Rg6+ 25. Kh1 Bg2+ 26. Qxg2 Rxg2 27. Kxg2
Qg4+ 28. Kf2 Qh4+ 29. Ke2 Qg4+ 30. Kd3 Qh3 31. Ra3 Qxh2 32. Ne5 Rxe5 33. dxe5
1-0